header

Java : (Record no. 252605)

MARC details
000 -LEADER
fixed length control field 01910cam a2200361 a 4500
001 - CONTROL NUMBER
control field 2004958
003 - CONTROL NUMBER IDENTIFIER
control field OSt
005 - DATE AND TIME OF LATEST TRANSACTION
control field 20160224141006.0
008 - FIXED-LENGTH DATA ELEMENTS--GENERAL INFORMATION
fixed length control field 970626s1998 njua b 001 0 eng
010 ## - LIBRARY OF CONGRESS CONTROL NUMBER
LC control number 97026424 //r97
020 ## - INTERNATIONAL STANDARD BOOK NUMBER
International Standard Book Number 0138993947
035 ## - SYSTEM CONTROL NUMBER
System control number (OCoLC)37220843
System control number (OCoLC)ocm37220843
System control number (NNC)2004958
040 ## - CATALOGING SOURCE
Original cataloging agency DLC
Transcribing agency DLC
Modifying agency DLC
-- NNC
-- OrLoB-B
050 00 - LIBRARY OF CONGRESS CALL NUMBER
Classification number QA76.73.J38
Item number D45 1998
082 00 - DEWEY DECIMAL CLASSIFICATION NUMBER
Classification number 005.13/3
Edition number 21
100 1# - MAIN ENTRY--PERSONAL NAME
Personal name Deitel, Harvey M.,
Dates associated with a name 1945-
245 10 - TITLE STATEMENT
Title Java :
Remainder of title how to program /
Statement of responsibility, etc H.M. Deitel, P.J. Deitel.
250 ## - EDITION STATEMENT
Edition statement 2nd ed.
260 ## - PUBLICATION, DISTRIBUTION, ETC. (IMPRINT)
Place of publication, distribution, etc Upper Saddle River, NJ :
Name of publisher, distributor, etc Prentice Hall,
Date of publication, distribution, etc c1998.
263 ## - PROJECTED PUBLICATION DATE
Projected publication date 9708
300 ## - PHYSICAL DESCRIPTION
Extent li, 1063 p. :
Other physical details ill. ;
Dimensions 24 cm.
490 1# - SERIES STATEMENT
Series statement How to program series
504 ## - BIBLIOGRAPHY, ETC. NOTE
Bibliography, etc Includes bibliographical references (p. [1021]-1025) and index.
505 00 - FORMATTED CONTENTS NOTE
Miscellaneous information Ch. 1.
Title Introduction to Computers and Java Applets --
Miscellaneous information Ch. 2.
Title Developing Java Applications --
Miscellaneous information Ch. 3.
Title Control Structures --
Miscellaneous information Ch. 4.
Title Methods --
Miscellaneous information Ch. 5.
Title Arrays --
Miscellaneous information Ch. 6.
Title Object-Based Programming --
Miscellaneous information Ch. 7.
Title Object-Oriented Programming --
Miscellaneous information Ch. 8.
Title Strings and Characters --
Miscellaneous information Ch. 9.
Title Graphics --
Miscellaneous information Ch. 10.
Title Basic Graphical User Interface Components --
Miscellaneous information Ch. 11.
Title Advanced Graphical User Interface Components --
Miscellaneous information Ch. 12.
Title Exception Handling --
Miscellaneous information Ch. 13.
Title Multithreading --
Miscellaneous information Ch. 14.
Title Multimedia: Images, Animation and Audio --
Miscellaneous information Ch. 15.
Title Files and Streams --
Miscellaneous information Ch. 16.
Title Networking --
Miscellaneous information Ch. 17.
Title Data Structures --
Miscellaneous information Ch. 18.
Title Java Utilities Package and Bit Manipulation --
Miscellaneous information App. A.
Title Demos --
Miscellaneous information App. B.
Title Java Resources --
Miscellaneous information App. C.
Title Operator Precedence Chart --
Miscellaneous information App. D.
Title ASCII Character Set --
Miscellaneous information App. E.
Title Number Systems --
Miscellaneous information App. F.
Title Object-Oriented Elevator Simulator.
650 #0 - SUBJECT ADDED ENTRY--TOPICAL TERM
Topical term or geographic name as entry element Java (Computer program language)
Topical term or geographic name as entry element Internet programming.
700 1# - ADDED ENTRY--PERSONAL NAME
Personal name Deitel, Paul J.
830 #0 - SERIES ADDED ENTRY--UNIFORM TITLE
Uniform title How to program series.
900 ## - EQUIVALENCE OR CROSS-REFERENCE-PERSONAL NAME [LOCAL, CANADA]
Numeration TOC
942 ## - ADDED ENTRY ELEMENTS (KOHA)
Source of classification or shelving scheme Library of Congress Classification
Koha item type Long Loan Books
Holdings
Withdrawn status Lost status Source of classification or shelving scheme Damaged status Not for loan Collection code Home library Current library Shelving location Date acquired Total Checkouts Full call number Barcode Date last seen Date checked out Price effective from Koha item type
    Library of Congress Classification     Non-fiction Rongo University Library Rongo University Library General Stacks 24/02/2016 8 QA76.73.J38 D45 1998 201610344 04/02/2019 22/01/2019 24/02/2016 Long Loan Books
    Library of Congress Classification     Non-fiction Rongo University Library Rongo University Library General Stacks 10/05/2016 5 QA76.73.J38 D45 1998 201611756 27/04/2017 13/04/2017 10/05/2016 Long Loan Books

© 2026 Rongo University
Contact us: librarian | system librarian | Rongo university